000 00354nam a2200157Ia 4500
100 _aDahlgaard/Jens J/ Kanji/G.K
650 _aTQM
942 _cBK
366 _f25
245 _aFundamentals of Total Quality Management
260 _bNelson Thornes
_c2002
082 _a658.562
_bDAH
300 _a372
546 _aENGLISH
_cInfo.Tech
999 _c35717
_d35717